Técnicas básicas para hablar en público

Uloženo v:
Podrobná bibliografie
Hlavní autor: Stuart, Cristina (Autor)
Médium: Kniha
Jazyk:španělština
Vydáno: Madrid Deusto 1991
Témata:
Tagy: Přidat tag
Žádné tagy, Buďte první, kdo vytvoří štítek k tomuto záznamu!

MARC

LEADER 00000nam a2200000 a 4500
001 UCY5987
003 CL-VaPUC
008 950521e19910000SP |||||||||||||||||spa|d
082 0 4 |a 808.51  |b STU  |2 21 
100 0 |a Stuart, Cristina  |e author  |9 335513 
245 1 0 |a Técnicas básicas para hablar en público 
300 |a 243 p 
942 |c BK 
945 |d 19950521 00:00:00  |a rbrito 
260 |a Madrid  |b Deusto  |c 1991 
650 0 |a Arte de hablar en público  |9 335514 
650 0 |a Discursos   |9 265028 
650 7 |a ELABORACION DE DISCURSOS  |2 CL-VaPUC  |9 335515 
650 0 |a Lectura en voz alta  |9 335516 
583 |a last modification  |c 19950521 00:00:00  |k Rodrigo Vera 
999 |c 233582  |d 233580 
952 |0 0  |1 0  |4 0  |6 808_510000000000000_STU_1991  |7 0  |8 A  |9 239197  |a BIBCUR  |b BIBCUR  |d 2019-11-18  |i 3086208  |o 808.51 STU 1991  |p 3086208  |r 2025-04-22  |w 2019-11-18  |y BK  |k PER